| 000 | 01245nas a2200361 4500 | ||
|---|---|---|---|
| 001 | BR8000771 | ||
| 003 | BR-BrBNA | ||
| 005 | 20231205084129.0 | ||
| 007 | ta | ||
| 008 | 230509b bl.|||p| |||| 00| 00por d | ||
| 040 |
_aBR-BrBNA _bpor _cBiblioteca Nacional de Agricultura |
||
| 041 | _a(Pt) | ||
| 072 | _aF25 | ||
| 100 | 1 | _aCordeiro, D.S. | |
| 100 | 1 | _aPottker, D. | |
| 100 | 1 | _aBorkert, C.M. | |
| 100 | 1 | _aSfredo, G.F. | |
| 100 | 1 | _aMesquita, A.N. | |
| 100 | 1 | _aDittrich, R.C. | |
| 100 | 1 | _aPalhano, J.B. | |
| 245 | 1 | _aEfeito de niveis e fontes de fosforo na producao e no rendimento economico da soja na regiao de Dourados (MS)[Mato Grosso do Sul; Glycine max; Brasil] | |
| 246 | 1 | _aProduction and economic yield of soybean as influenced by rate and source of phosphorus in the region of Dourados (MS)[Mato Grosso do Sul; Glycine max; Brazil] | |
| 650 | _aFertilidade do solo | ||
| 650 | _aSoja | ||
| 650 | _aFosforo | ||
| 650 | _aAdubacao | ||
| 650 | _aRendimento | ||
| 650 | _aDourados | ||
| 650 | _aMato Grosso do Sul | ||
| 773 | 0 |
_tRevista Brasileira de Ciencia do Solo (Brazil) _xISSN 0100-0683 _g(May 1979), v. 3(2) p. 101-105 _wBR8000771 |
|
| 909 |
_a202311 _bLúcia _c55 _dLúcia Elande |
||
| 942 |
_2AGRIS _n0 _cANA |
||
| 999 |
_c103311 _d103311 |
||